|
|
|
|
| LEADER |
00743pam a22002178a 4500 |
| 001 |
00039362 |
| 005 |
20171026081025.0 |
| 008 |
170518s2001 ||||||Viesd |
| 041 |
0 |
# |
|a Vie
|
| 082 |
1 |
4 |
|a 372.8
|b H428Đ
|
| 100 |
1 |
# |
|a Lưu, Thu Thủy
|
| 245 |
1 |
0 |
|a Hỏi - Đáp về dạy học môn đạo đức ở tiểu học
|c Lưu Thu Thủy, Nguyễn Hữu Hợp
|
| 260 |
# |
# |
|a Hà Nội
|b Giáo dục
|c 2001
|
| 300 |
# |
# |
|a 59tr.
|c 20.3 cm
|
| 700 |
1 |
# |
|a Nguyễn, Hữu Hợp
|
| 852 |
# |
# |
|b Kho mượn
|j KM.0021771
|
| 852 |
# |
# |
|b Kho đọc
|j KD.0020723
|
| 852 |
# |
# |
|j KM.0021771
|j KD.0020723
|
| 910 |
|
|
|d 18/05/2017
|
| 980 |
# |
# |
|a Trung tâm Học liệu Lê Vũ Hùng, Trường Đại học Đồng Tháp
|